Biotechnology: (Record no. 6144)
[ view plain ]
| 000 -LEADER | |
|---|---|
| fixed length control field | 00492nam a2200145 4500 |
| 008 - FIXED-LENGTH DATA ELEMENTS--GENERAL INFORMATION | |
| fixed length control field | 150922b xxu||||| |||| 00| 0 eng d |
| 020 ## - INTERNATIONAL STANDARD BOOK NUMBER | |
| International Standard Book Number | 9780763838737 |
| 050 ## - LIBRARY OF CONGRESS CALL NUMBER | |
| Classification number | TP 248.2 .D38 2012 |
| 100 ## - MAIN ENTRY--PERSONAL NAME | |
| Personal name | Daugherty, Ellyn. |
| Dates associated with a name | 2012. |
| 245 ## - TITLE STATEMENT | |
| Title | Biotechnology: |
| Remainder of title | Science for the new millennium / |
| Statement of responsibility, etc. | Elly Daugherty. |
| 260 ## - PUBLICATION, DISTRIBUTION, ETC. (IMPRINT) | |
| Place of publication, distribution, etc. | USA: |
| Name of publisher, distributor, etc. | Paradigm publishing, |
| Date of publication, distribution, etc. | 2012. |
| 300 ## - PHYSICAL DESCRIPTION | |
| Extent | xii,452 p. : |
| Other physical details | Ill. ; |
| Dimensions | 27cm. |
| 650 ## - SUBJECT ADDED ENTRY--TOPICAL TERM | |
| Topical term or geographic name as entry element | Biotechnology. |
| 942 ## - ADDED ENTRY ELEMENTS (KOHA) | |
| Source of classification or shelving scheme | |
| Koha item type | Hard Covered Materials |
| Classification part | TP 248.2 .D38 2012 |
| Koha issues (borrowed), all copies | 1 |
| Withdrawn status | Lost status | Source of classification or shelving scheme | Damaged status | Not for loan | Home library | Current library | Shelving location | Date acquired | Source of acquisition | Total Checkouts | Full call number | Barcode | Date last seen | Date last checked out | Price effective from | Koha item type |
|---|---|---|---|---|---|---|---|---|---|---|---|---|---|---|---|---|
| MACHAKOS UNIVERSITY LIBRARY | MACHAKOS UNIVERSITY LIBRARY | Open shelf | 22/09/2015 | Donation [B.F.A] | 2 | TP 248.2 .D38 2012 | 10939 | 12/03/2020 | 28/02/2020 | 22/09/2015 | Hard Covered Materials |